00512nam a22001577a 450000500170000001000150001702000250003203500140005703700130007108200100008424500930009426000480018727000810023530000210031650500170033720221130111952.0 aENG-135697 a9789390122653c95.00 aEN-119229 bDBAD/PUB a421.5 aArticulation III:bcomulsory foundation course in english for the BCom Degree programmes aHyderabadbOrient Blackswan Pvt. Ltd.c2020 a3-6-752 Himayatnagar, HyderabadbTelanganae500029minfo@orientblackswan.com a149p.c22cm(pbk) aSemester III